|
|
|
|
| LEADER |
00000nam2a2200000 4500 |
| 001 |
299647 |
| 005 |
20231102001226.0 |
| 035 |
|
|
|a (RuTPU)RU\TPU\book\324799
|
| 090 |
|
|
|a 299647
|
| 100 |
|
|
|a 20150701d1982 k y0rusy50 ca
|
| 101 |
0 |
|
|a rus
|
| 102 |
|
|
|a LV
|
| 105 |
|
|
|a a z 001zy
|
| 200 |
0 |
|
|a [Вып. 10]
|
| 210 |
|
|
|d 1982
|
| 215 |
|
|
|a 103 с.
|c ил.
|
| 320 |
|
|
|a Библиогр. в конце ст.
|
| 461 |
|
1 |
|0 (RuTPU)RU\TPU\book\332082
|t Микрогеометрия и эксплуатационные свойства машин
|o сборник научных трудов
|f Рижский политехнический институт ; отв. ред. Я. А. Рудзит
|v [Вып. 10]
|d 1972-
|
| 606 |
1 |
|
|a Детали машин
|x Шероховатость поверхности
|x Физические основы
|x Статистические методы изучения
|x Параметры
|2 stltpush
|3 (RuTPU)RU\TPU\subj\9247
|9 36523
|
| 610 |
1 |
|
|a машиностроение
|
| 610 |
1 |
|
|a эксплуатационные свойства
|
| 610 |
1 |
|
|a машины
|
| 610 |
1 |
|
|a микрогеометрия
|
| 610 |
1 |
|
|a технологическое обеспечение
|
| 610 |
1 |
|
|a контактирование
|
| 610 |
1 |
|
|a детали
|
| 610 |
1 |
|
|a шлифование
|
| 610 |
1 |
|
|a сверхтвердые материалы
|
| 610 |
1 |
|
|a трение
|
| 610 |
1 |
|
|a скольжение
|
| 610 |
1 |
|
|a микрорельефы
|
| 610 |
1 |
|
|a долговечность
|
| 675 |
|
|
|a 621.81-408.8
|v 3
|
| 801 |
|
1 |
|a RU
|b 63413507
|c 20150701
|
| 801 |
|
2 |
|a RU
|b 63413507
|c 20190410
|g RCR
|
| 942 |
|
|
|c BK
|